Managing educational tourism / (Record no. 357336)
[ view plain ]
| 000 -LEADER | |
|---|---|
| fixed length control field | 00677nam a2200241Ia 4500 |
| 008 - FIXED-LENGTH DATA ELEMENTS--GENERAL INFORMATION | |
| fixed length control field | 180523s9999 xx 000 0 und d |
| 020 ## - INTERNATIONAL STANDARD BOOK NUMBER | |
| International Standard Book Number | 81-309-0174-9 |
| 050 ## - LIBRARY OF CONGRESS CALL NUMBER | |
| Classification number | MAIN LC 6681 |
| 050 ## - LIBRARY OF CONGRESS CALL NUMBER | |
| Item number | .R58 2006 |
| 100 ## - MAIN ENTRY--PERSONAL NAME | |
| Personal name | Ritchie, Brent W. |
| 245 #0 - TITLE STATEMENT | |
| Title | Managing educational tourism / |
| 245 #0 - TITLE STATEMENT | |
| Statement of responsibility, etc | Brent W. Ritchie with Neil Carr and Chris Cooper. |
| 260 ## - PUBLICATION, DISTRIBUTION, ETC. (IMPRINT) | |
| Place of publication, distribution, etc | New Delhi : |
| 260 ## - PUBLICATION, DISTRIBUTION, ETC. (IMPRINT) | |
| Name of publisher, distributor, etc | Viva Books Private Ltd., |
| 260 ## - PUBLICATION, DISTRIBUTION, ETC. (IMPRINT) | |
| Date of publication, distribution, etc | 2006 |
| 300 ## - PHYSICAL DESCRIPTION | |
| Extent | 283 pages : |
| 300 ## - PHYSICAL DESCRIPTION | |
| Dimensions | 23 cm. |
| 440 ## - SERIES STATEMENT/ADDED ENTRY--TITLE | |
| Title | Aspects of tourism 10 |
| 500 ## - GENERAL NOTE | |
| General note | Includes bibliographical references and index. |
| 650 ## - SUBJECT ADDED ENTRY--TOPICAL TERM | |
| Topical term or geographic name as entry element | Students -- Travel. |
| 650 ## - SUBJECT ADDED ENTRY--TOPICAL TERM | |
| Topical term or geographic name as entry element | Tourism. |
| 650 ## - SUBJECT ADDED ENTRY--TOPICAL TERM | |
| General subdivision | Foreign study. |
| Withdrawn status | Lost status | Damaged status | Home library | Current library | Shelving location | Date acquired | Cost, normal purchase price | Total Checkouts | Full call number | Barcode | Date last seen | Price effective from | Koha item type |
|---|---|---|---|---|---|---|---|---|---|---|---|---|---|
| South Mansfield College | South Mansfield College | 01/09/2008 | 1.00 | MAIN LC 6681 .R58 2006 | SMC03937 | 05/23/2018 | 05/23/2018 |